00320nam a2200109Ia 4500008004000000082001500040100002500055245002500080260004400105300001200149650004900161210210b1971 xxu||||| |||| 00| 0 eng d a658.4 JOHE aJOHNSON (Rossall J). aExecutive dicisions. aBombay.bD B Taraporevala Sons,c1971 avii,412 aExecutive Decisions, Social Responsibility